| 000 | 00914nam a2200301 a 4500 | ||
|---|---|---|---|
| 001 | 76468 | ||
| 003 | BD-RjUL | ||
| 005 | 20211209082840.0 | ||
| 008 | 191210s1982 nyu 001 0 eng | ||
| 020 | _a0060414766 (pbk.) | ||
| 035 | _a(BD-RjUL)76690 | ||
| 040 |
_aDLC _cDLC _dDLC _dBD-RjUL _beng |
||
| 041 | _aeng | ||
| 082 | 0 | 0 |
_219 _a808.042 _bDAW 1982 |
| 100 | 1 |
_aDaiker, Donald A., _d1938- _9236214 |
|
| 245 | 1 | 4 |
_aThe writer's options : _bcombining to composing / _cDonald A. Daiker, Andrew Kerek, Max Morenberg. |
| 250 | _a2nd ed. | ||
| 260 |
_aNew York : _bHarper & Row, _cc1982. |
||
| 300 |
_axii, 388 p. ; _c24 cm. |
||
| 500 | _aIncludes index. | ||
| 650 | 0 |
_aEnglish language _xRhetoric. _9236215 |
|
| 650 | 0 |
_aReport writing. _9236216 |
|
| 700 | 1 |
_aKerek, Andrew. _9236217 |
|
| 700 | 1 |
_aMorenberg, Max, _d1940- _9236218 |
|
| 942 |
_2ddc _cBK |
||
| 999 |
_c76468 _d76468 |
||